|
|
|
|
| LEADER |
00000nam a22000007a 4500 |
| 005 |
20190817002536.0 |
| 007 |
cr|||| |||| |
| 008 |
190817s2012 br |||||s|||| 00||0 por d |
| 020 |
|
|
|a 978-85-61325-80-0
|
| 035 |
|
|
|a 24112
|
| 040 |
|
|
|a vLex
|
| 090 |
|
|
|c 9229
|d 9229
|
| 100 |
1 |
|
|a da Rocha, Fb̀io Amorim
|
| 245 |
1 |
0 |
|a Temas relevantes no direito de energia elťrica
|h [Recurso electrn̤ico] /
|c Fb̀io Amorim da Rocha
|n Tomo I
|
| 256 |
|
|
|a Servicio en ln̕ea
|
| 260 |
|
|
|a Rio de Janeiro:
|b Synergia Editora,
|c 2012
|
| 300 |
|
|
|a 1 recurso electrn̤ico
|
| 500 |
|
|
|a Hoje, o setor de publicaė̳s jurd̕icas ̌caracterizado pela convivn̊cia entre livros manuais, individuais, onde talvez prevaleȧ, embora nô exclusivamente e nem sempre, uma visô de direito mais isolacionista.E obras como esta, com temas relevantes, tais como, o direito regulatr̤io e o direito da concorrn̊cia, de um lado, aliados, e o direito do consumidor, por outro lado, isolado, e que sô as bases das grades curriculares das escolas, especializaė̳s, escritr̤ios de advocacia, jurisprudn̊cia e doutrinas da regulaȯ̂ no Brasil.A presente obra ren︢e uma rica amostra dos novos temas setoriais relevantes, tratados com propriedade por destacados especialistas na matřia, sob a coordenaȯ̂ do Advogado e Professor Fb̀io Amorim da Rocha, que conseguiu reunir textos de vr̀ios profissionais que, com seu brilhantismo e competn̊cia, nos trazem importantes ensinamentos jurd̕icos, econm̥icos e tributr̀ios.
|
| 506 |
1 |
|
|a Disponible solo en los productos indicados
|d vLex Global
|d vLex Global (Academic Edition, excluding Law Schools)
|d vLex Global (U.S. Academic Edition, Law Schools)
|d vLex Global (U.S. Academic Edition, excluding Law Schools)
|d vLex Global (Academic Edition, Law Schools)
|
| 650 |
0 |
4 |
|a Energa̕
|z Brasil
|
| 650 |
0 |
4 |
|a Electricidad
|z Brasil
|
| 740 |
0 |
|
|a vLex Libros (Servicio en ln̕ea)
|
| 856 |
4 |
0 |
|u http://vlex.com/source/temas-relevantes-no-direito-de-energia-eletrica-tomo-i-24112
|z Acceso restringido
|
| 942 |
|
|
|c BOOK
|
| 999 |
0 |
|
|a Energy
|
| 999 |
0 |
|
|a Electricidad
|